Municipal corporation boundaries, (Ireland). Copy of instructions given ... with reference to the boundaries and division into wards of the several cities, boroughs and towns corporate in Ireland ...reports and plans (Record no. 114125)
[ view plain ]
| 000 -LEADER | |
|---|---|
| fixed length control field | 00977cam a22002055a 4500 |
| 001 - CONTROL NUMBER | |
| control field | L156243 |
| 008 - FIXED-LENGTH DATA ELEMENTS--GENERAL INFORMATION | |
| fixed length control field | 120509s1837 xxk f 000 0 eng d |
| 035 ## - SYSTEM CONTROL NUMBER | |
| System control number | (Sirsi) u156243 |
| 041 0# - LANGUAGE CODE | |
| Language code of text/sound track or separate title | eng |
| 110 2# - MAIN ENTRY--CORPORATE NAME | |
| Corporate name or jurisdiction name as entry element | Great Britain |
| Subordinate unit | Parliament |
| -- | House of Commons |
| 9 (RLIN) | 6039 |
| 245 00 - TITLE STATEMENT | |
| Title | Municipal corporation boundaries, (Ireland). Copy of instructions given ... with reference to the boundaries and division into wards of the several cities, boroughs and towns corporate in Ireland ...reports and plans |
| 260 ## - PUBLICATION, DISTRIBUTION, ETC. | |
| Place of publication, distribution, etc. | [London] |
| Name of publisher, distributor, etc. | [s.n.] |
| Date of publication, distribution, etc. | 1837 |
| 300 ## - PHYSICAL DESCRIPTION | |
| Extent | ca. 150p., [76] leaves of plates (some fold.) |
| Other physical details | maps |
| Dimensions | 35 cm. |
| 490 #0 - SERIES STATEMENT | |
| Series statement | House of Commons Paper |
| Volume/sequential designation | (301) |
| 520 ## - SUMMARY, ETC. | |
| Summary, etc. | Ordered, by the House of Commons, to be printed 10 May 1837. Each report accompanied by one or more maps of the town or borough. |
| 583 0# - ACTION NOTE | |
| Action | Condition reviewed |
| Time/date of action | 20120620 |
| Status | condition level 4, detached boards, missing spine |
| 651 #4 - SUBJECT ADDED ENTRY--GEOGRAPHIC NAME | |
| Geographic name | Ireland (Island of) |
| 690 ## - LOCAL SUBJECT ADDED ENTRY--TOPICAL TERM (OCLC, RLIN) | |
| Topical term or geographic name as entry element | Business and management |
| 942 ## - ADDED ENTRY ELEMENTS (KOHA) | |
| Suppress in OPAC | 0 |
| Withdrawn status | Lost status | Source of classification or shelving scheme | Damaged status | Not for loan | Home library | Current library | Shelving location | Date acquired | Total Checkouts | Full call number | Barcode | Date last seen | Copy number | Price effective from | Koha item type |
|---|---|---|---|---|---|---|---|---|---|---|---|---|---|---|---|
| Dewey Decimal Classification | Historic collection | Historic collection | Historic collection | 09/05/2012 | FOLIO 1837 PARLIAMENT | 30076528 | 06/08/2019 | 1 | 06/08/2019 | Book |